| 000 | 01264cam a22003255a 4500 | ||
|---|---|---|---|
| 001 | L158922 | ||
| 008 | 100114s2015 xxko f 000 0 eng d | ||
| 020 | _a9781848064256 | ||
| 035 | _a(Sirsi) u158922 | ||
| 041 | 0 | _aeng | |
| 050 | 0 | 4 | _a690 $2 18 |
| 100 | 1 | _aBlackmore, Paul | |
| 245 | 0 | 0 |
_aDetermining wind actions using Eurocode 1 _bPart 3 _bWorked example - calculation of forces on a tower using the full dynamic method |
| 260 |
_aWatford _bBRE _c2015 |
||
| 300 |
_a12p. _bill. _c30cm. |
||
| 490 | 0 |
_aBRE Digest _v(DG 436-3) |
|
| 520 | _aDemonstrates the calculation procedure for determining wind loads using the full dynamic method from Annex B of BS EN 1991-1-4. It includes example calculations for a two-storey house and a 120 m tall tower on an 8 m podium. This is the third part of a three-part Digest giving guidance on the use of Eurocode 1 (BS EN 1991-1-4). | ||
| 520 | _aThis update to Part 3 replaces the guidance published in 1999. | ||
| 521 | _aAdvanced | ||
| 590 | _aKA | ||
| 650 | 2 | 4 | _aEUROCODE 1 |
| 650 | 2 | 4 | _aWIND LOADING |
| 650 | 2 | 4 | _aWIND CONTROL |
| 650 | 2 | 4 | _aPEAK VELOCITY PRESSURE |
| 651 | 4 |
_aUnited Kingdom _y |
|
| 690 |
_aEnvironment _96238 |
||
| 690 |
_aEnergy _96237 |
||
| 700 | 1 | _aBreeze, Gordon | |
| 942 | _n0 | ||
| 999 |
_c115587 _d115587 |
||